书目信息 |
| 题名: |
数学百科全书(第五卷)
|
|
| 作者: | 《数学百科全书》编译委员会 编译 | |
| 分册: | ||
| 出版信息: | 北京 科学出版社 2000.12 |
|
| 页数: | 967页 | |
| 开本: | 16开 | |
| 丛书名: | ||
| 单 册: | ||
| 中图分类: | O1-61 | |
| 科图分类: | ||
| 主题词: | 数学 | |
| 电子资源: | ||
| ISBN: | 7-03-003504-6 | |
| 000 | 00629nam0 2200193 45 | |
| 001 | 1009041261 | |
| 005 | 20010513081558.4 | |
| 010 | @a7-03-003504-6@d148.00元 | |
| 100 | @a20100904d2000 km y0chiy0120 ea | |
| 101 | 0 | @achi |
| 105 | @a z 000yy | |
| 200 | 1 | @a数学百科全书(第五卷)@AShu Xue Bai Ke Quan Shu(Di Wu Juan)@f《数学百科全书》编译委员会编译@F《Shu Xue Bai Ke Quan Shu》Bian Yi Wei Yuan Hui BianYi |
| 210 | @a北京@c科学出版社@d2000.12 | |
| 215 | @a967页@d16开 | |
| 606 | 0 | @a数学 |
| 690 | @aO1-61@v3 | |
| 701 | 0 | @a《数学百科全书》编译委员会@4编译 |
| 801 | @aCN@bPftUser@c20100904 | |
| 905 | @dO1-61@eSH:048:5@b342468@f1 | |
| 数学百科全书(第五卷)/《数学百科全书》编译委员会编译.-北京:科学出版社,2000.12 |
| 967页;16开 |
| ISBN 7-03-003504-6:148.00元 |
| ● |
| 相关链接 |
|
|
|
正题名:数学百科全书(第五卷)
索取号:O1-61/SH:048:5
 
预约/预借
| 序号 | 登录号 | 条形码 | 馆藏地/架位号 | 状态 | 备注 |
| 1 | 342468 | 203424687 | 自科库401/401自科库 105排6列6层/ [索取号:O1-61/SH:048:5] | 在馆 |